| 000 | 00495nam a2200181 i 4500 | ||
|---|---|---|---|
| 001 | bg | ||
| 245 | 0 |
_aFinite element methods in stress analysis / _ced. by Ivar Holand, Kolbein Bell. |
|
| 260 |
_aTrondheim : _bFapir Forlag, _c1972. |
||
| 300 |
_a[16], 499 s. : _brys. |
||
| 504 | _a[Zawiera bibliogr.]. | ||
| 700 | 1 | _aHOLAND, Ivar | |
| 700 | 1 | _aKOLBEIN, Bell | |
| 040 | _cBPK | ||
| 041 | _apol | ||
| 080 | _a624:539.3/.6:519.6 | ||
| 942 | _cKS | ||
| 008 | s pl f |000 0 pol | ||
| 999 |
_c26278 _d26278 |
||
| 856 |
_uhttp://koha.tu.koszalin.pl/cgi-bin/koha/opac-detail.pl?biblionumber=26278 _yKatalog online BPK |
||